00431 2200169 4500001002100000005001700021035002500038090002000063100001800083245004600101250001100147260003000158300001900188650002500207850001200232990001700244YOGYA00000000000173220150406140311.0 a0010-081400000001772 aT 297.122 Rif J aRifai, H. Moh aJuz Amma dan terjemahannyacRifai, H. Moh aCet. 1 aSemarangbWicaksanac1997 a88 hlm.c21cm. aAl-Qur an - Juz Amma aYOPDYOG a101252--P/97